UBT Library

The entrepreneur : (Record no. 39259)

000 -LEADER
fixed length control field 00639cam a2200217 a 4500
001 - CONTROL NUMBER
control field 1371608
005 - DATE AND TIME OF LATEST TRANSACTION
control field 20171221035023.0
008 - FIXED-LENGTH DATA ELEMENTS--GENERAL INFORMATION
fixed length control field 811204s1982 nyu b 001 0 eng
010 ## - LIBRARY OF CONGRESS CONTROL NUMBER
LC control number 81021134
020 ## - INTERNATIONAL STANDARD BOOK NUMBER
International Standard Book Number 0030595894 :
Terms of availability $21.95
040 ## - CATALOGING SOURCE
Original cataloging agency DLC
Transcribing agency DLC
Modifying agency DLC
041 ## - LANGUAGE CODE
Language code of text/sound track or separate title eng
080 ## - UNIVERSAL DECIMAL CLASSIFICATION NUMBER
Universal Decimal Classification number 338.0409 HEB
082 00 - DEWEY DECIMAL CLASSIFICATION NUMBER
Classification number 338.0409 HEB
Edition number 19
100 1# - Rafti
Rafti 53
101 ## - Shkurtesa
Shkurtesa MEN
245 14 - TITLE STATEMENT
Title The entrepreneur :
Statement of responsibility, etc Robert F. Hébert, Albert N. Link ; foreword by G.L.S. Shackle.
504 ## - BIBLIOGRAPHY, ETC. NOTE
Bibliography, etc Bibliography: p. 117-125.
906 ## - LOCAL DATA ELEMENT F, LDF (RLIN)
a 7
b cbc
c orignew
d 1
e ocip
f 19
g y-gencatlg
942 ## - ADDED ENTRY ELEMENTS (KOHA)
Source of classification or shelving scheme
Item type Books
Holdings
Withdrawn status Lost status Source of classification or shelving scheme Damaged status Not for loan Collection code Permanent location Current location Shelving location Date acquired Total Checkouts Full call number Barcode Date last seen Price effective from Koha item type
          Koleksioni i përgjithshem UBT - Lipjan UBT - Lipjan Koleksioni i përgjithshem 12/21/2017   338.0409 HEB 002-29537 12/21/2017 12/21/2017 Books
UBT Library © 2015-2024. All rights reserved University Education for Business and Technology